Farmaceutická kompozícia obsahujúca 1-(2-naft-2-yletyl)-4-(3-trifluórmetylfenyl)-1,2,3,6-tetrahydropyridín hydrochlorid a donepezil alebo takrín /
Uložené v:
| Hlavní autori: | , , |
|---|---|
| Korporatívny autor: | |
| Médium: | Patent |
| Jazyk: | Slovak French |
| Vydané: |
Banská Bystrica :
Úrad priemyselného vlastníctva SR,
2008.
|
| Témy: | |
| Fyzický popis: |
4 s. |
| Tagy: |
Pridať tag
Žiadne tagy, Buďte prvý kto otaguje tento záznam!
|
Titul je dostupný aj v ... 

MARC
| LEADER | 00000nam a2200000 a 4500 | ||
|---|---|---|---|
| 001 | 000337021 | ||
| 003 | SVKKK | ||
| 005 | 20080314144659.0 | ||
| 008 | 080314s2008 xo f j #0|| 0#slo c | ||
| 013 | |a 711-2000 |b FR |d 9.10.2000 |d 7.1.2008 |d 2.1.2008 | ||
| 040 | |a SVK |b slo |c SVK |e AACR2 | ||
| 041 | 1 | # | |a slo |h fre |
| 044 | |a xo |c SK | ||
| 084 | |a A61K 31/44 |2 MPT | ||
| 084 | |a A61K 31/445 |2 MPT | ||
| 084 | |a A61K 31/473 |2 MPT | ||
| 084 | |a A61P 25/00 |2 MPT | ||
| 100 | 1 | |a Maffrand, Jean-Pierre |4 inv | |
| 245 | 1 | 0 | |a Farmaceutická kompozícia obsahujúca 1-(2-naft-2-yletyl)-4-(3-trifluórmetylfenyl)-1,2,3,6-tetrahydropyridín hydrochlorid a donepezil alebo takrín / |c Maffrand Jean-Pierre. |
| 260 | # | |a Banská Bystrica : |b Úrad priemyselného vlastníctva SR, |c 2008. | |
| 300 | |a 4 s. | ||
| 655 | 7 | |a patenty |2 SVKPH | |
| 700 | 1 | # | |a Soubrie, Philippe |4 inv |
| 700 | 1 | # | |a Terranova, Jean-Paul |4 inv |
| 710 | 2 | # | |a Sanofi - Aventis (Paris, FR) |4 pth |
| 910 | |a svkkk | ||
| 998 | |a PA | ||
| 090 | |g SCKHL |k SK41 |a 286 040 |j 1799 |i I10850 |s Vyradená | ||